Normal view
MARC view
Entry Meeting Name
001 - CONTROL NUMBER
- control field: 15519
003 - CONTROL NUMBER IDENTIFIER
- control field: OSt
005 - DATE AND TIME OF LATEST TRANSACTION
- control field: 20211105133931.0
008 - FIXED-LENGTH DATA ELEMENTS
- fixed length control field: 211105|| aca||aabn | a|a d
040 ## - CATALOGING SOURCE
- Original cataloging agency: OSt
- Transcribing agency: OSt
111 ## - HEADING--MEETING NAME
- Meeting name or jurisdiction name as entry element: NATO Advanced Study Institute Workshop on Astrophysical Radiation Hydrodynamics
- Location of meeting: Garching, Federal Republic of Germany
- Date of meeting or treaty signing: 1982 Aug. 2-13
670 ## - SOURCE DATA FOUND
- Source citation: Work cat.: (OSt): NATO Advanced Study Institute Workshop on Astrophysical Radiation Hydrodynamics Garching, Federal Republic of Germany 1982 Aug. 2-13, Astrophysical radiation hydrodynamics, 1986